000 00775nam a22002177a 4500
999 _c168667
_d168667
005 20191018160139.0
010 _aENG-126708
020 _a9789353438913
_c599.00
035 _aEN-110240
037 _bDBAD/PUB
082 _a005.74
100 _aConnolly, Thomas M.
245 _aDatabase systems :
_cThomas M. Connolly [and] Carolyn E. Begg
_ba practical approach to design, implementation and management /
250 _a6th ed.
260 _aNoida
_bPearson India Education
_c2020
270 _a15th Floor, Towe-B, World Trade Tower, Plot No.1, Block-C, Sector-16
_bNoida
_e201301
300 _avarious paging
_c23cm(pbk)
500 _aIncludes bibliographical references and index
700 _aBegg, Carolyn E.
942 _2ddc
_cEN
_h005.74
_mCON